Riconosci il Pokémon - Quiz n°317 - Statistics

Statistiche generali
  • Questo quiz è stato fatto 5 volte
  • Il punteggio medio è 9 su 10
Statistiche sulle risposte
Indizio Risposta % Corretto
Altezza 1,0 m
100%
Tasso di cattura 190 (35.2%)
100%
Stadio evoluzione Forma Base
100%
Abilità Insonnia; Premonizione; Forza Interiore
100%
Tasso di allevamento Medio-Veloce
100%
Generazione Prima
100%
Tipo Psico
100%
Peso 32,4 kg
80%
Sesso 50% ♂, 50% ♀
80%
Pokémon Drowzee
80%
Nessun quiz corrispondente trovato
Distribuzione punteggi
Percentuale di utenti per punteggio
Percentile per numero di risposta
I tuoi punteggi nel tempo
Non hai fatto questo quiz